Improvised threaded scaffolding (Record no. 74843)

MARC details
000 -LEADER
fixed length control field 03417nam a22002897i 4500
003 - CONTROL NUMBER IDENTIFIER
control field URS
003 - CONTROL NUMBER IDENTIFIER
control field URS
005 - DATE AND TIME OF LATEST TRANSACTION
control field 20240416181605.0
008 - FIXED-LENGTH DATA ELEMENTS--GENERAL INFORMATION
fixed length control field 100319b xxu||||| |||| 00| 0 eng d
040 ## - CATALOGING SOURCE
Original cataloging agency URS
Language of cataloging eng
Description conventions rda
041 ## - LANGUAGE CODE
Language code of text/sound track or separate title eng
050 00 - LIBRARY OF CONGRESS CALL NUMBER
Classification number TH 528.1
Item number .Im7 2015
245 ## - TITLE STATEMENT
Title Improvised threaded scaffolding
Statement of responsibility, etc. Aldrin P. Celestra...[et.al].
264 ## - PRODUCTION, PUBLICATION, DISTRIBUTION, MANUFACTURE, AND COPYRIGHT NOTICE
Date of production, publication, distribution, manufacture, or copyright notice 2015
300 ## - PHYSICAL DESCRIPTION
Extent 63 leaves :
Other physical details illustrations ;
Dimensions 28 cm.
336 ## - CONTENT TYPE
Content type term text
Content type code txt
Source rdacontent
337 ## - MEDIA TYPE
Media type term unmediated
Media type code n
Source rdamedia
338 ## - CARRIER TYPE
Carrier type term volume
Carrier type code nc
Source rdacarrier
502 ## - DISSERTATION NOTE
Degree type Thesis (Bachelor of Technology major in Mechanical and Production Technology) -- University of Rizal System-Morong.
520 ## - SUMMARY, ETC.
Summary, etc. EXECUTIVE SUMMARY: This study aimed to developed an Improvised Threaded Scaffolding out of inexpensive and locally available materials. Specifically, it attempted to determine the level of acceptability of an Improvised Threaded Scaffolding in terms of usefulness, safety and maintenance, functionality and durability. The researchers utilized an adapted modified questionnaire checklist to determine the level of acceptability of the project. It was validated instrument and accomplished by the respondents who provided information for the completion of the study. The results were tallied and computed for analysis. There were two groups of respondents who tested the acceptability of the project. The first group consisted of ten (10) experts who had the knowledge, skills and fully understanding on the construction of the Improvised Threaded Scaffolding. While the other group consisted of ten (10) second and third year students who are taking up Mechanical Technology. Qualitative description was used in developing and revising the said device, weighted mean was used in determining its acceptability and t-test was used in determining its significant difference between the evaluations made by the two groups of respondents. Based on the analysis and interpretation of data, the following are hereby summarized. On the design and construction of an Improvised Threaded Scaffolding, the researchers were able to design a well detailed assembly drawing, pictorial drawing and exploded drawing of the said device out of locally available materials. On the acceptability of an Improvised Threaded Scaffolding, it was very much accepted by the two groups of respondents in terms of usefulness, safety and maintenance, functionality and durability. On the significant difference made by the experts and the students in terms of the above variables, it was found that, there is no significant difference between the evaluations made by the experts and students on the acceptability of an Improvised Threaded scaffolding in terms of four variables cited, hence the hypothesis is accepted. Based on the foregoing findings and conclusions, the researchers recommended that, the device should be improved in terms of its durability. Assistance must be given to students undergoing similar research or study to defray the high cost of materials needed. The over-all design of the device must be improved to increase its performance and efficiency
650 ## - SUBJECT ADDED ENTRY--TOPICAL TERM
Topical term or geographic name entry element Scaffolding, Metal.
700 1# - ADDED ENTRY--PERSONAL NAME
Personal name Malubag, Kenneth C.
Relator term author
700 1# - ADDED ENTRY--PERSONAL NAME
Personal name San Jose, Mark John S.
Relator term author
700 1# - ADDED ENTRY--PERSONAL NAME
Personal name Adrados, John Airven
Relator term author
856 ## - ELECTRONIC LOCATION AND ACCESS
Materials specified Online Request for Student Unpublished Works
Uniform Resource Identifier <a href="https://forms.gle/7LqvGGkaDrUQqz429">https://forms.gle/7LqvGGkaDrUQqz429</a>
942 ## - ADDED ENTRY ELEMENTS (KOHA)
Source of classification or shelving scheme Library of Congress Classification
Koha item type Theses and dissertations

No items available.

University of Rizal System
Email us at univlibservices@urs.edu.ph

Visit our Website www.urs.edu.ph/library